000 00628nam a2200121Ia 4500
008 220620s9999||||xx |||||||||||||| ||und||
245 0 _aYouth and the Politics of the Present
_bCoping with Complexity and Ambivalence
546 _aEnglish[eng]
650 _ayouth||employment||education||gender||migrants||society
700 _aColombo, Enzo||Rebughini, Paola
856 _uhttps://library.oapen.org/bitstream/20.500.12657/25117/1/9780367150990_text.pdf||https://library.oapen.org/bitstream/20.500.12657/25117/1/9780367150990_text.pdf||https://library.oapen.org/bitstream/20.500.12657/25117/1/9780367150990_text.pdf
942 _cEB
999 _c28254
_d28254